000 00242nam a2200097Ia 4500
001 643395
005 20250826153545.0
008 250824s9999 xx 000 0 und d
245 0 _aPAPKİN KORKUNÇ DENEY
_cİDİL ÜNLÜ
260 _bGENÇ TİMAŞ
999 _c643395
_d643395